000 00848cab a2200265 4500
001 WB3434-42
008 090401t1998 xxu||||| |||| 00| 0 eng d
035 _a(Sirsi) u88346
041 _aeng
245 _aPinning the blame
260 _c1998
350 _a0
490 _aEstates Gazette
_v(9836) 5 September 1998, 145(1)
520 _aThe courts have been showing considerable reluctance to extend existing forms of liability to cover novel situations. Review of case law.
650 _aHUSSAIN V LANCASTER CC
650 _aLIABILITY
650 _aNATIONWIDE BUILDING SOCIETY V LEWIS
650 _aNEGLIGENCE
650 _aPARTNERS
650 _aPERSONAL LIABILITY
650 _aWILLIAMS V NATURAL LIFE HEALTH FOODS LTD
690 _aMANAGEMENT-BUSINESS MANAGEMENT-PROFESSIONAL PRACTICE
942 _n0
948 _c08/09/1998
999 _c55802
_d55802